[Event "FIDE Womens Grand Swiss 2021"]
[Site "Riga"]
[Date "2021.11.04"]
[Round "8.21"]
[White "Arakhamia-Grant, Ketevan"]
[Black "Arabidze, Meri"]
[Result "1/2-1/2"]
[WhiteElo "2376"]
[BlackElo "2441"]
[Annotator "NA"]
[PlyCount "92"]
[EventDate "2021.10.27"]
[EventType "swiss"]
[EventCountry "LAT"]
[Tiebreak "Cut1 Buchholz+Sonneborn-Berger (Swiss)"]
[SourceTitle "playchess.com"]
[Source "ChessBase"]
[SourceQuality "1"]
[TimeControl "40/6000+30:20/3000+30:900+30"]

1. e4 {[%emt 0:10:02]} c5 {[%emt 0:10:18]} 2. Nf3 {[%emt 0:00:08]} e6 {[%emt 0:
00:05]} 3. d4 {[%emt 0:00:08]} cxd4 {[%emt 0:00:05]} 4. Nxd4 {[%emt 0:00:03]}
a6 {[%emt 0:00:09]} 5. Bd3 {[%emt 0:00:39]} Nf6 {[%emt 0:00:12]} 6. O-O {
[%emt 0:03:19]} e5 {[%emt 0:00:12]} 7. Nb3 {[%emt 0:03:56]} d6 {[%emt 0:00:42]}
8. Bg5 {[%emt 0:06:14]} Be7 {[%emt 0:00:41]} 9. Bxf6 {[%emt 0:03:14]} Bxf6 {
[%emt 0:00:07]} 10. c4 {[%emt 0:00:06]} O-O {[%emt 0:03:30]} 11. Nc3 {[%emt 0:
00:07]} Nc6 {[%emt 0:02:49]} 12. Nd5 {[%emt 0:04:39]} Bg5 {[%emt 0:01:37]} 13.
Be2 {[%emt 0:07:57]} Be6 {[%emt 0:06:45]} 14. g3 {[%emt 0:04:40]} a5 {[%emt 0:
06:01]} 15. a4 {[%emt 0:03:01]} Bh6 {[%emt 0:05:46]} 16. Kh1 {[%emt 0:02:48]}
g6 {[%emt 0:05:22]} 17. Bg4 {[%emt 0:06:13]} f5 {[%emt 0:15:51]} 18. Bh3 {
[%emt 0:00:09]} Rf7 {[%emt 0:01:17]} 19. Qe2 {[%emt 0:14:18]} Qe8 {[%emt 0:07:
58]} 20. Rad1 {[%emt 0:02:06]} Rd8 {[%emt 0:04:33]} 21. f3 $11 {[%emt 0:13:13]}
Bg7 {[%emt 0:06:56]} 22. exf5 {[%emt 0:09:45]} Bxf5 {[%emt 0:08:36]} 23. Bxf5 {
[%emt 0:01:15]} gxf5 {[%emt 0:00:33]} 24. Rfe1 {[%emt 0:01:01]} Rf8 {[%emt 0:
02:16]} 25. Kg2 {[%emt 0:00:19]} Qf7 {[%emt 0:01:59]} 26. Qf2 {[%emt 0:04:25]}
Rfe8 {[%emt 0:02:40]} 27. Nc1 {[%emt 0:01:01]} Nd4 {[%emt 0:01:58]} 28. Ne2 {
[%emt 0:00:25]} Ne6 {[%emt 0:02:02]} 29. Nec3 {[%emt 0:00:27]} Nc5 {[%emt 0:00:
35]} 30. Re2 {[%emt 0:05:47]} Bf8 {[%emt 0:03:12]} 31. Kh1 {[%emt 0:03:51]} Re6
{[%emt 0:00:59]} 32. Qg2 {[%emt 0:00:39]} Rg6 {[%emt 0:02:02]} 33. Qf2 {
[%emt 0:00:25]} Rc8 {[%emt 0:01:12]} 34. Nb6 {[%emt 0:00:16]} Rc6 {[%emt 0:01:
23]} 35. Nbd5 {[%emt 0:00:08]} Nb3 {[%emt 0:01:00]} 36. Ne3 {[%emt 0:00:45]}
Nd4 {[%emt 0:01:27]} 37. Red2 {[%emt 0:00:11]} f4 {[%emt 0:01:44]} 38. gxf4 {
[%emt 0:00:54]} Qxf4 {[%emt 0:00:06]} 39. Ncd5 {[%emt 0:00:48]} Qxf3+ {[%emt 0:
04:40]} 40. Qxf3 {[%emt 0:00:05]} Nxf3 {[%emt 0:00:04]} 41. Rf2 {[%emt 0:22:35]
} e4 {[%emt 0:29:29]} 42. b3 {[%emt 0:03:07]} Rc8 {[%emt 0:05:13]} 43. Nf5 {
[%emt 0:01:50]} Re8 {[%emt 0:02:35]} 44. Ng3 {[%emt 0:00:55]} Bg7 {[%emt 0:03:
43]} 45. Nxe4 {[%emt 0:01:04]} Rxe4 {[%emt 0:00:28]} 46. Rxf3 {[%emt 0:00:04]}
Rge6 {[%emt 0:01:49]} 1/2-1/2

[Event "FIDE Womens Grand Swiss 2021"]
[Site "Riga"]
[Date "2021.11.04"]
[Round "8.22"]
[White "Hoang, Thanh Trang"]
[Black "Sargsyan, Anna M."]
[Result "0-1"]
[WhiteElo "2380"]
[BlackElo "2402"]
[Annotator "TA"]
[PlyCount "58"]
[EventDate "2021.10.27"]
[EventType "swiss"]
[EventCountry "LAT"]
[Tiebreak "Cut1 Buchholz+Sonneborn-Berger (Swiss)"]
[SourceTitle "playchess.com"]
[Source "ChessBase"]
[SourceQuality "1"]

{[%evp 9,58,50,55,21,50,44,15,0,0,0,0,0,0,14,22,-4,0,-14,0,0,-12,-22,-28,-27,
-25,-50,-51,-49,-53,-54,-68,-51,-62,-105,-98,-80,-102,-354,-75,-579,-596,-542,
-531,-1329,-1627,-1549,-1493,-2468,-2339,-29991,-29992]} 1. d4 Nf6 2. Nf3 c5 3.
d5 b5 4. Bg5 Ne4 5. Bf4 Bb7 6. Qd3 {A43: Schmid Benoni.} Qa5+ 7. Nfd2 f5 8. f3
{The position is equal.} c4 9. Qd4 Nf6 {[%cal Rf6d5]} 10. e4 {[#]} fxe4 $146 ({
Predecessor:} 10... g6 11. Nc3 Bg7 12. Qc5 fxe4 13. fxe4 Ng4 14. Bc7 Na6 15.
Bxa5 Nxc5 16. Nxb5 O-O 17. Nxc4 Nxe4 {1-0 (51) Poecksteiner,J (2205)-Wais,M 
(2085) Austria 1999}) 11. fxe4 {next a4 is good for White.} e6 $1 12. Nc3 $132
{[%mdl 2048] dxe6 is the strong threat. White has counterplay} Bb4 $1 13. a4
O-O 14. Nxb5 exd5 {aiming for ...Nc6.} 15. c3 {[#]} Nc6 {[%cal Bb8c6,Bc6b4,
Bb4d3][%mdl 32]} 16. Qe3 {[#] Black must now prevent Bc7.} Rae8 $1 {[%cal
Rf6e4]} 17. cxb4 (17. Bd6 Bxd6) 17... Nxb4 {Hoping for ...Nc2+.} 18. Kd1 Nxe4
19. Bc7 Qa6 20. Nxe4 Rxe4 21. Qd2 {[#]} ({Don't go for} 21. Qxa7 $2 Qf6 $1 $19)
21... Nd3 22. Bxd3 cxd3 23. Nc3 {[%mdl 8192]} (23. Qxd3 $17 Rxa4 24. Rxa4 Qxa4+
25. Kd2) 23... Re6 $2 (23... Ree8 $19 {is more deadly. Threatens to win with ..
.d4.} 24. Kc1 Qc4) 24. Bg3 $2 {[%mdl 8192]} (24. Nb5 $17 {lives longer.}) 24...
Qc4 $19 25. Ra3 d4 26. Kc1 Re2 27. Qd1 Rc2+ 28. Kb1 Qb4 {[%csl Gc2][%cal Rb4b2]
} 29. Ra2 dxc3 {Weighted Error Value: White=1.09/Black=0.22} 0-1

[Event "FIDE Womens Grand Swiss 2021"]
[Site "Riga"]
[Date "2021.11.04"]
[Round "8.23"]
[White "Eizaguerri Floris, Maria"]
[Black "Padmini, Rout"]
[Result "0-1"]
[WhiteElo "2328"]
[BlackElo "2380"]
[Annotator "TA"]
[PlyCount "72"]
[EventDate "2021.10.27"]
[EventType "swiss"]
[EventCountry "LAT"]
[Tiebreak "Cut1 Buchholz+Sonneborn-Berger (Swiss)"]
[SourceTitle "playchess.com"]
[Source "ChessBase"]
[SourceQuality "1"]

{[%evp 21,72,29,35,33,42,42,81,78,75,79,78,66,76,66,99,81,71,58,56,25,70,48,
115,95,98,23,47,4,6,0,0,-42,-48,-48,-48,-44,-56,-83,-78,-86,-95,-135,-122,-171,
-181,-173,-175,-29982,-29983,-29997,-29998,-29998,-29999]} 1. e4 c5 2. Nf3 Nc6
3. d4 cxd4 4. Nxd4 g6 5. c4 Bg7 6. Be3 Nf6 7. Nc3 d6 8. Be2 O-O 9. O-O Bd7 10.
h3 Nxd4 11. Bxd4 Bc6 12. Qc2 {B38: Sicilian: Maroczy Bind with 5...Bg7 and 7...
0-0.} Rc8 13. Rad1 ({Much worse is} 13. Bxa7 b6 $17) 13... Nd7 14. Bxg7 {
White is better.} ({Don't blunder} 14. Bxa7 $2 b6 $19) 14... Kxg7 15. b4 {
[#] Threatens to win with b5.} b6 16. Bg4 Rc7 {[#]} 17. f4 $146 ({Predecessor:
} 17. Bxd7 Rxd7 18. Nd5 Kg8 19. Qd2 b5 20. cxb5 Bxb5 21. Rfe1 Bc6 22. Rc1 Bb7
23. a4 {1-0 (42) Pantzar,M (2421)-Richter,N (2294) Chess.com INT 2021}) 17...
Qa8 18. Qd3 Kg8 19. Bxd7 Rxd7 20. f5 Kg7 21. Rf3 Rc7 (21... Kh8 $14) 22. f6+
Kg8 23. Rf4 ({White should play} 23. b5 $16 Bb7 24. fxe7 Rxe7 25. Qxd6) 23...
Re8 $11 24. fxe7 Rcxe7 {[%cal Rc6e4]} 25. Rdf1 f5 26. Nd5 Bxd5 27. exd5 Re3 28.
Qd4 Qd8 29. R4f3 R3e4 30. Qc3 Qh4 31. Rc1 Rc8 32. Qa3 Rcxc4 33. Rxc4 Rxc4 34.
Qxa7 $2 {[#]} (34. Qe3 $19) 34... Qd4+ {[%mdl 64] Double Attack. Black mates.}
35. Kf1 Rc1+ 36. Ke2 Rc2+ {Weighted Error Value: White=0.49/Black=0.09} 0-1

[Event "FIDE Womens Grand Swiss 2021"]
[Site "Riga"]
[Date "2021.11.04"]
[Round "8.24"]
[White "Golsta, Madara"]
[Black "Milliet, Sophie"]
[Result "0-1"]
[WhiteElo "2003"]
[BlackElo "2410"]
[Annotator "TA"]
[PlyCount "88"]
[EventDate "2021.10.27"]
[EventType "swiss"]
[EventCountry "LAT"]
[Tiebreak "Cut1 Buchholz+Sonneborn-Berger (Swiss)"]
[SourceTitle "playchess.com"]
[Source "ChessBase"]
[SourceQuality "1"]

{[%evp 18,88,-13,-7,-17,-15,-11,-11,-6,-8,-14,0,-6,-22,-16,-20,-24,-62,-40,-84,
-87,-71,-88,-137,-100,-98,-92,-91,-95,-106,-90,-604,-568,-590,-585,-574,-576,
-567,-532,-515,-515,-509,-503,-858,-842,-1350,-1309,-3627,-1741,-1066,-460,
-801,-801,-789,-787,-741,0,-329,0,-710,-691,-29969,-29968,-29970,-1151,-935,0,
-29970,-4612,-29984,-29984,-29994,-860]} 1. d4 Nf6 2. c4 e6 3. Nc3 Bb4 4. e3
O-O 5. Bd3 d5 6. a3 Bxc3+ 7. bxc3 dxc4 8. Bxc4 c5 9. Ne2 Qc7 10. Ba2 b6 {
[%cal Bb7b6,Bb6b5][%mdl 32] E49: Nimzo-Indian: Rubinstein: 5 Bd3 d5 6 a3 Bxc3+
7 bxc3.} 11. O-O Ba6 12. Bb2 {is more profitable than 12.Re1 at the moment.}
Nc6 {The position is equal.} 13. Rc1 Rfd8 14. c4 cxd4 15. exd4 b5 16. d5 {
Hoping for Bxf6.} bxc4 17. Bxf6 Rxd5 ({Much worse is} 17... gxf6 $6 18. Bxc4
Bxc4 19. Rxc4 $16) 18. Qc2 gxf6 19. Bxc4 {[#]} Rc5 $1 {[#]} 20. Qa2 $146 (20.
Qe4 f5) ({Predecessor:} 20. Qe4 f5 21. Qh4 Bxc4 22. Rxc4 Ne7 23. Rxc5 Qxc5 24.
Ng3 Ng6 25. Qg5 {0-1 (38) Muir,A (2259)-Urh,Z (2216) Newcastle on Tyne 2021})
20... Bxc4 21. Rxc4 Ne5 22. Rxc5 Qxc5 23. Rc1 {[#]} Rd8 $1 $40 {[%mdl 640]
White is in trouble.} 24. h4 $2 {[%mdl 8192] [#]} (24. h3 $17 Qa5 25. Ng3)
24... Ng4 $1 $19 {[%mdl 512] ( -> ...Qxc1+!)} 25. Rf1 {[#]} Nxf2 $1 {[%mdl 512]
Threatens to win with ...Ng4+.} 26. Qb3 Nd3+ 27. Kh1 Qh5 {[%mdl 64] Double
Attack} 28. Nf4 Qxh4+ {[%mdl 64] Double Attack} 29. Nh3 Ne5 30. Rf4 (30. Qb4
$142 Ng4 31. Qe1 Qxe1 32. Rxe1) 30... Qe1+ 31. Kh2 Rd3 32. Qb8+ Kg7 33. Nf2 {
[#]} Rd5 (33... Rf3 $142 $3 {[%mdl 512]} 34. gxf3 Qxf2+ {[%mdl 64] Double
Attack} 35. Kh3 Nxf3 36. Rg4+ Ng5+ 37. Rxg5+ fxg5 38. Qe5+ Kg6) 34. Qxa7 (34.
Qb4 $142 Qc1 35. Rh4) 34... Ng6 35. Rf3 Qe5+ 36. Kg1 Qe1+ (36... Nh4 $142 37.
Qe3 Nxf3+ 38. Qxf3 Rb5) 37. Kh2 Qe5+ (37... Rd2 38. Qa5 Qc1) 38. Kg1 Rc5 39.
Qd7 {White hopes to continue with Nd3.} Rc1+ 40. Nd1 Qc5+ (40... Nh4 $142 41.
Rf1 Qe2 42. Qb7 Rxd1 43. Rxd1 Qxd1+ 44. Kf2 Qd4+ 45. Ke2 Qg4+ 46. Kf2 Qf4+ 47.
Ke1 Qe3+ 48. Kd1 Qxa3 49. Qe4 Qg3 50. Qe1 Qd3+ 51. Qd2 Qb1+ 52. Ke2 Qg1 53. Kd3
Nxg2 54. Kc4 h5 55. Kb5 h4 56. Qb4 Qf1+ 57. Kc6 Qf3+ 58. Kd7 h3 59. Ke8 Qa8+
60. Kd7 Ne3 61. Qf4 Qd5+ 62. Ke7 Qe5 63. Qxe5 fxe5 64. Kd6 h2 65. Kxe5 Nf5 66.
Ke4 h1=Q+ 67. Kd3 Qc1 68. Ke2 Qc2+ 69. Ke1 Qg2 70. Kd1 Nd4 71. Ke1 Qe2#) 41.
Kh2 Qe5+ (41... Qh5+ $19 42. Kg1 Ne5 43. Rg3+ Ng4) 42. Kg1 $1 Nh4 (42... Qe2
$142 43. Rf1 Nf4 $1 {[%mdl 576] Deflection} 44. Rxf4 Rxd1+ 45. Qxd1 Qxd1+ 46.
Kf2 e5 47. Re4 f5 48. Re3 Qd2+ 49. Re2 Qd4+ 50. Ke1 e4 51. Rc2 Qg1+ 52. Kd2
Qxg2+ 53. Kc3 Qg3+ 54. Kb4 f4 55. Rc1 e3 56. Rc8 e2 57. Re8 e1=Q+ 58. Rxe1
Qxe1+ 59. Kc5 f3 60. Kd4 f2 61. Kc5 f1=Q 62. Kb6 Qe6+ 63. Ka7 Qfa6+ {[%mdl 64]
Double Attack} 64. Kb8 Qe5#) 43. Rf2 Qe1+ {[%mdl 64] Double Attack} 44. Rf1 {
[#]} Qe2 {Weighted Error Value: White=1.04/Black=0.04} (44... Nf3+ $142 $1 {
[%mdl 512]} 45. gxf3 Qg3+ 46. Kh1 Rc5 47. Qd5 Rxd5 48. Rf2 Rxd1+ 49. Rf1 Rxf1#)
0-1

[Event "FIDE Womens Grand Swiss 2021"]
[Site "Riga"]
[Date "2021.11.04"]
[Round "8.25"]
[White "Lei, Tingjie"]
[Black "Kashlinskaya, Alina"]
[Result "*"]
[WhiteElo "2505"]
[BlackElo "2493"]
[Annotator "TA"]
[PlyCount "36"]
[EventDate "2021.10.27"]
[EventType "swiss"]
[EventCountry "LAT"]
[Tiebreak "Cut1 Buchholz+Sonneborn-Berger (Swiss)"]
[SourceTitle "playchess.com"]
[Source "ChessBase"]
[SourceQuality "1"]

{[%evp 14,23,0,2,6,0,2,0,0,-9,0,-17]} 1. e4 c6 2. d4 d5 3. Nc3 dxe4 4. Nxe4 Nf6
5. Nxf6+ exf6 6. Nf3 Bd6 7. Be2 O-O 8. O-O {The position is equal.} Nd7 {
[%cal Bb8d7,Bd7f8,Bf8g6][%mdl 32] B15: Caro-Kann: 3 Nc3: 3...g6 and 3...dxe4 4
Nxe4 Nf6 5 Nxf6+ exf6.} 9. c4 Re8 10. Qc2 Nf8 11. Be3 Ng6 12. Rfe1 {[#] A
rather calm draw.  Weighted Error Value: White=0.04/Black=0.00} {Predecessor:}
Nf4 $146 13. Bf1 Bg4 14. Nd2 Qd7 15. f3 Bf5 16. Qc3 h5 17. Bf2 Bc7 18. Ne4 Rad8
{1-0 (41) Tiviakov,S (2615)-Maris,I (2413) Groningen 2019} *

[Event "FIDE Womens Grand Swiss 2021"]
[Site "Riga"]
[Date "2021.11.04"]
[Round "8.25"]
[White "February, Jesse Nikki"]
[Black "Houska, Jovanka"]
[Result "0-1"]
[WhiteElo "1857"]
[BlackElo "2381"]
[Annotator "NA"]
[PlyCount "70"]
[EventDate "2021.10.27"]
[EventType "swiss"]
[EventCountry "LAT"]
[Tiebreak "Cut1 Buchholz+Sonneborn-Berger (Swiss)"]
[SourceTitle "playchess.com"]
[Source "ChessBase"]
[SourceQuality "1"]
[TimeControl "40/6000+30:20/3000+30:900+30"]

1. e4 {[%emt 0:10:09]} c6 {[%emt 0:10:09]} 2. d4 {[%emt 0:00:19]} d5 {[%emt 0:
00:05]} 3. Nc3 {[%emt 0:00:37]} dxe4 {[%emt 0:00:16]} 4. Nxe4 {[%emt 0:00:32]}
Nf6 {[%emt 0:00:10]} 5. Nxf6+ {[%emt 0:01:01]} exf6 {[%emt 0:00:04]} 6. Nf3 {
[%emt 0:02:01]} Bd6 {[%emt 0:00:12]} 7. Be2 {[%emt 0:01:13]} O-O {[%emt 0:01:
37]} 8. O-O {[%emt 0:01:36]} Nd7 {[%emt 0:01:02]} 9. c4 {[%emt 0:01:25]} Re8 {
[%emt 0:00:13]} 10. Qc2 {[%emt 0:04:05]} Nf8 {[%emt 0:02:50]} 11. Be3 {[%emt 0:
04:10]} Ng6 {[%emt 0:01:30]} 12. Rfe1 {[%emt 0:03:17]} Bg4 {[%emt 0:05:41]} 13.
h3 {[%emt 0:00:55]} Be6 {[%emt 0:00:24]} 14. b3 {[%emt 0:04:46]} Qd7 {[%emt 0:
04:37]} 15. Bf1 {[%emt 0:10:52]} Re7 {[%emt 0:08:16]} 16. Rad1 {[%emt 0:03:43]}
Bf5 {[%emt 0:04:27]} 17. Qc1 {[%emt 0:01:10]} Rae8 {[%emt 0:00:31]} 18. d5 {
[%emt 0:04:44]} c5 {[%emt 0:02:31]} 19. b4 {[%emt 0:03:41]} b6 {[%emt 0:02:10]}
20. bxc5 {[%emt 0:03:03]} bxc5 {[%emt 0:00:04]} 21. Qa3 {[%emt 0:01:21]} Qc8 {
[%emt 0:00:16]} 22. Bd2 {[%emt 0:03:31]} Be4 {[%emt 0:01:25]} 23. g3 {[%emt 0:
03:42]} h5 {[%emt 0:04:43]} 24. Bg2 {[%emt 0:01:43]} h4 {[%emt 0:17:44]} 25.
Nxh4 {[%emt 0:03:59]} Nxh4 {[%emt 0:00:10]} 26. gxh4 {[%emt 0:01:48]} Qf5 {
[%emt 0:00:34]} 27. Bxe4 {[%emt 0:06:21]} Rxe4 {[%emt 0:00:28]} 28. Rxe4 {
[%emt 0:02:51]} Rxe4 {[%emt 0:02:41]} 29. f4 {[%emt 0:17:15]} Rd4 {[%emt 0:06:
22]} 30. Qa4 {[%emt 0:01:25]} Qxh3 {[%emt 0:01:27]} 31. Qe8+ {[%emt 0:02:17]}
Kh7 {[%emt 0:00:07]} 32. Qe2 {[%emt 0:01:25]} Qg3+ {[%emt 0:02:43]} 33. Kf1 {
[%emt 0:02:00]} Bxf4 {[%emt 0:02:19]} 34. Re1 {[%emt 0:01:03]} Bxd2 {[%emt 0:
02:34]} 35. Qh5+ {[%emt 0:00:42]} Bh6 {[%emt 0:00:06]} 0-1

[Event "FIDE Womens Grand Swiss 2021"]
[Site "Riga"]
[Date "2021.11.05"]
[Round "9.1"]
[White "Kosteniuk, Alexandra"]
[Black "Lei, Tingjie"]
[Result "0-1"]
[WhiteElo "2518"]
[BlackElo "2505"]
[Annotator "ChessBase"]
[PlyCount "100"]
[EventDate "2021.10.27"]
[EventType "swiss"]
[EventCountry "LAT"]
[Tiebreak "Cut1 Buchholz+Sonneborn-Berger (Swiss)"]
[SourceTitle "playchess.com"]
[Source "ChessBase"]
[SourceQuality "1"]
[TimeControl "40/6000+30:20/3000+30:900+30"]

1. e4 {[%emt 0:10:03]} c6 {[%emt 0:10:26]} 2. Nc3 {[%emt 0:00:47]} d5 {[%emt 0:
00:08]} 3. Nf3 {[%emt 0:00:04]} dxe4 {[%emt 0:00:10]} 4. Nxe4 {[%emt 0:00:06]}
Nf6 {[%emt 0:00:06]} 5. Qe2 {[%emt 0:00:08]} Bg4 {[%emt 0:00:06]} 6. h3 {
[%emt 0:04:19]} Bh5 {[%emt 0:00:07]} 7. Nxf6+ {[%emt 0:00:46]} gxf6 {[%emt 0:
00:05]} 8. b3 {[%emt 0:04:55]} Na6 {[%emt 0:03:06]} 9. Bb2 {[%emt 0:06:11]} Nb4
{[%emt 0:03:41]} 10. Qc4 {[%emt 0:06:28]} e6 {[%emt 0:14:06]} 11. a3 {[%emt 0:
10:47]} Nd5 {[%emt 0:03:37]} 12. Qh4 {[%emt 0:02:46]} Bxf3 {[%emt 0:01:38]} 13.
gxf3 {[%emt 0:00:03]} Be7 {[%emt 0:01:18]} 14. Qg3 {[%emt 0:08:31]} Qb6 {
[%emt 0:20:29]} 15. f4 {[%emt 0:07:14]} Bd6 {[%emt 0:10:30]} 16. Qf3 {[%emt 0:
10:28]} O-O-O {[%emt 0:01:55]} 17. f5 {[%emt 0:03:27]} Be5 {[%emt 0:07:01]} 18.
O-O-O {[%emt 0:03:56]} Bxb2+ {[%emt 0:00:06]} 19. Kxb2 {[%emt 0:00:03]} Qd4+ {
[%emt 0:00:06]} 20. c3 {[%emt 0:00:53]} Qf4 {[%emt 0:00:04]} 21. Qxf4 {[%emt 0:
02:32]} Nxf4 {[%emt 0:00:03]} 22. Rg1 {[%emt 0:00:35]} Rhg8 {[%emt 0:01:29]}
23. Rg3 {[%emt 0:02:55]} h5 {[%emt 0:05:19]} 24. d4 {[%emt 0:05:31]} h4 {
[%emt 0:06:48]} 25. Re3 {[%emt 0:06:04]} e5 {[%emt 0:03:39]} 26. Kc2 {[%emt 0:
01:47]} Rg1 {[%emt 0:01:34]} 27. Re4 {[%emt 0:06:06]} Rh1 {[%emt 0:03:25]} 28.
a4 {[%emt 0:02:33]} Kc7 {[%emt 0:01:14]} 29. b4 {[%emt 0:01:21]} Nxh3 {[%emt 0:
03:40]} 30. Bxh3 {[%emt 0:03:13]} Rxh3 {[%emt 0:00:04]} 31. dxe5 {[%emt 0:00:
10]} fxe5 {[%emt 0:04:59]} 32. Rxe5 {[%emt 0:00:47]} Rxc3+ {[%emt 0:00:18]} 33.
Kxc3 {[%emt 0:00:02]} Rxd1 {[%emt 0:00:04]} 34. Re7+ {[%emt 0:00:11]} Rd7 {
[%emt 0:00:42]} 35. Re4 {[%emt 0:00:47]} h3 {[%emt 0:00:08]} 36. Rh4 {[%emt 0:
01:24]} Rd5 {[%emt 0:00:05]} 37. Rxh3 {[%emt 0:00:35]} Rxf5 {[%emt 0:00:04]}
38. f3 {[%emt 0:00:16]} Kb6 {[%emt 0:01:53]} 39. Kb3 {[%emt 0:00:38]} Rf4 {
[%emt 0:00:27]} 40. a5+ {[%emt 0:00:07]} Kb5 {[%emt 0:00:16]} 41. Kc3 {[%emt 0:
50:29]} Rc4+ {[%emt 0:25:58]} 42. Kd3 {[%emt 0:00:00]} Kxb4 {[%emt 0:00:20]}
43. a6 {[%emt 0:00:00]} b5 {[%emt 0:02:45]} 44. Ke3 {[%emt 0:00:00]} Kc3 {
[%emt 0:08:06]} 45. Rh7 {[%emt 0:00:00]} b4 {[%emt 0:00:05]} 46. Rxf7 {[%emt 0:
00:00]} b3 {[%emt 0:00:02]} 47. Rxa7 {[%emt 0:00:00]} b2 {[%emt 0:00:05]} 48.
Rb7 {[%emt 0:00:00]} Ra4 {[%emt 0:00:02]} 49. a7 {[%emt 0:00:00]} c5 {[%emt 0:
00:20]} 50. f4 {[%emt 0:00:00]} Rxa7 {[%emt 0:00:13]} 0-1

[Event "FIDE Womens Grand Swiss 2021"]
[Site "Riga"]
[Date "2021.11.05"]
[Round "9.2"]
[White "Muzychuk, Mariya"]
[Black "Paehtz, Elisabeth"]
[Result "1-0"]
[WhiteElo "2536"]
[BlackElo "2475"]
[Annotator "ChessBase"]
[PlyCount "97"]
[EventDate "2021.10.27"]
[EventType "swiss"]
[EventCountry "LAT"]
[Tiebreak "Cut1 Buchholz+Sonneborn-Berger (Swiss)"]
[SourceTitle "playchess.com"]
[Source "ChessBase"]
[SourceQuality "1"]
[TimeControl "40/6000+30:20/3000+30:900+30"]

1. e4 {[%emt 0:10:03]} e6 {[%emt 0:10:03]} 2. d4 {[%emt 0:00:25]} d5 {[%emt 0:
00:05]} 3. Nc3 {[%emt 0:00:06]} Bb4 {[%emt 0:00:03]} 4. e5 {[%emt 0:00:32]} c5
{[%emt 0:00:04]} 5. a3 {[%emt 0:00:04]} Bxc3+ {[%emt 0:00:04]} 6. bxc3 {
[%emt 0:00:04]} Qa5 {[%emt 0:00:04]} 7. Bd2 {[%emt 0:00:37]} Qa4 {[%emt 0:00:
11]} 8. Qg4 {[%emt 0:01:11]} g6 {[%emt 0:00:20]} 9. Nf3 {[%emt 0:03:15]} Nc6 {
[%emt 0:04:53]} 10. Be2 {[%emt 0:01:44]} h6 {[%emt 0:09:00]} 11. O-O {[%emt 0:
25:00]} Qxc2 {[%emt 0:15:38]} 12. dxc5 {[%emt 0:01:00]} Nge7 {[%emt 0:04:01]}
13. Bb5 {[%emt 0:04:05]} a6 {[%emt 0:08:08]} 14. Ba4 {[%emt 0:12:19]} Qe4 {
[%emt 0:07:54]} 15. Qxe4 {[%emt 0:01:46]} dxe4 {[%emt 0:00:04]} 16. Nd4 {
[%emt 0:00:21]} Bd7 {[%emt 0:00:09]} 17. Bc2 {[%emt 0:00:20]} Nxe5 {[%emt 0:01:
48]} 18. Bxe4 {[%emt 0:00:10]} O-O-O {[%emt 0:12:52]} 19. Bf4 {[%emt 0:04:34]}
N5c6 {[%emt 0:00:05]} 20. Bd6 {[%emt 0:02:39]} Nd5 {[%emt 0:08:46]} 21. Nxc6 {
[%emt 0:06:14]} Bxc6 {[%emt 0:00:25]} 22. c4 {[%emt 0:00:47]} Nc3 {[%emt 0:01:
16]} 23. Bxc6 {[%emt 0:02:08]} bxc6 {[%emt 0:00:03]} 24. Rfe1 {[%emt 0:09:28]}
Na4 {[%emt 0:08:47]} 25. Rab1 {[%emt 0:02:59]} Rxd6 {[%emt 0:00:04]} 26. cxd6 {
[%emt 0:00:05]} c5 {[%emt 0:00:03]} 27. Rb3 {[%emt 0:03:22]} Rd8 {[%emt 0:00:
22]} 28. Rd1 {[%emt 0:00:09]} h5 {[%emt 0:00:36]} 29. f4 {[%emt 0:00:26]} Rd7 {
[%emt 0:00:44]} 30. Kf2 {[%emt 0:00:47]} Ra7 {[%emt 0:00:06]} 31. d7+ {[%emt 0:
08:30]} Rxd7 {[%emt 0:00:02]} 32. Rb8+ {[%emt 0:00:25]} Kc7 {[%emt 0:00:03]}
33. Rb7+ {[%emt 0:00:12]} Kxb7 {[%emt 0:00:01]} 34. Rxd7+ {[%emt 0:00:04]} Kc6
{[%emt 0:00:41]} 35. Rxf7 {[%emt 0:00:07]} Nb2 {[%emt 0:00:09]} 36. Rf6 {
[%emt 0:00:32]} Kd7 {[%emt 0:00:09]} 37. Rxg6 {[%emt 0:01:07]} Nxc4 {[%emt 0:
00:03]} 38. f5 {[%emt 0:01:15]} exf5 {[%emt 0:00:08]} 39. Rxa6 {[%emt 0:00:10]}
Nd6 {[%emt 0:00:11]} 40. Ke3 {[%emt 0:02:10]} Ke6 {[%emt 0:00:06]} 41. a4 {
[%emt 0:52:55]} Kd5 {[%emt 0:51:26]} 42. a5 {[%emt 0:03:31]} Nc4+ {[%emt 0:01:
01]} 43. Kd3 {[%emt 0:03:18]} h4 {[%emt 0:00:38]} 44. h3 {[%emt 0:00:00]} Nb2+
{[%emt 0:00:00]} 45. Kc2 {[%emt 0:00:00]} Nc4 {[%emt 0:00:00]} 46. Kc3 {
[%emt 0:00:00]} f4 {[%emt 0:00:00]} 47. Ra8 {[%emt 0:00:00]} Ne3 {[%emt 0:00:
00]} 48. a6 {[%emt 0:00:00]} Kc6 {[%emt 0:00:00]} 49. Rb8 {[%emt 0:00:00]} 1-0